000 00407nam a22001697a 4500
003 MPLRDC
005 20220104142906.0
008 210129b ||||| |||| 00| 0 eng d
082 _a490.7 BLX
100 _a北龙贤
245 _a启发力
_c范煜译
260 _a
_b尖端出版有限公司
_c1987
300 _b
490 _a智慧丛书. 4
650 _a商学总论
942 _cBK
_o490.7 BLX
999 _c34617
_d34607